000 00444nam a22001577a 4500
005 20251108164248.0
008 250721s1963 xx 000 0 ara d
082 1 4 _a920/نظي
100 1 _aزيتون، نظير
245 1 0 _aالإنطلاقات الإنسانية في كتاب إنسانيون /
264 1 _aحلب :
_bمجلة الضاد،
_c1963.
300 _a60 ص
650 1 7 _aالتراجم
942 _2ddc
_cBK
999 _c7779
_d7779